[Event "Saarland-ch C"]
[Site "Saarlouis Steinrausch"]
[Date "2005.03.24"]
[Round "7"]
[White "Jonitz, Stefanie"]
[Black "Bauer, Tobias"]
[Result "1-0"]
[WhiteElo "1295"]
[BlackElo "1200"]
[PlyCount "88"]
[EventDate "2005.03.18"]
[EventType "swiss"]
[EventRounds "9"]
[EventCountry "GER"]
[SourceTitle "EXT 2012"]
[Source "ChessBase"]
[SourceDate "2011.11.24"]
[SourceVersion "1"]
[SourceVersionDate "2011.11.24"]
[SourceQuality "1"]

1. e4 e5 2. Nf3 Nc6 3. Bc4 Bc5 4. Nc3 d6 5. h3 Nge7 6. 0-0 0-0 7. d3 Be6 8. Bxe6 fxe6 9. Bg5 d5 10. Bxe7 Bxe7 11. Qd2 a6 12. Rad1 d4 13. Ne2 Qe8 14. Ng3 Qg6 15. c3 h5 16. h4 Qg4 17. Ng5 Qxh4 18. Nxe6 Rfc8 19. Nxg7 Qg4 20. N7xh5 Bg5 21. Qe2 Qxe2 22. Nxe2 Kh7 23. Nhg3 Kg6 24. Nf5 dxc3 25. bxc3 Rh8 26. g3 Rad8 27. Kg2 b5 28. d4 exd4 29. Nexd4 Ne5 30. f4 Bxf4 31. gxf4 Nc4 32. Rh1 Rhe8 33. Rh6+ Kf7 34. e5 c5 35. Rf6+ Kg8 36. Nh6+ Kg7 37. Ndf5+ Kh7 38. Rxd8 Rxd8 39. Nd6 Ne3+ 40. Kf3 Nd5 41. Nhf7 Rg8 42. Ng5+ Rxg5 43. fxg5 Nxf6 44. gxf6 Kg8 1-0

[Event "Saarland-ch C"]
[Site "Saarlouis Steinrausch"]
[Date "2005.03.21"]
[Round "4"]
[White "Herrmann, Klaus"]
[Black "Jonitz, Stefanie"]
[Result "1-0"]
[WhiteElo "1474"]
[BlackElo "1295"]
[PlyCount "99"]
[EventDate "2005.03.18"]
[EventType "swiss"]
[EventRounds "9"]
[EventCountry "GER"]
[SourceTitle "EXT 2012"]
[Source "ChessBase"]
[SourceDate "2011.11.24"]
[SourceVersion "1"]
[SourceVersionDate "2011.11.24"]
[SourceQuality "1"]

1. d4 d6 2. Nf3 Nf6 3. e3 Bf5 4. Bd3 Bxd3 5. Qxd3 g6 6. Nc3 Bg7 7. Qb5+ Nbd7 8. Qxb7 a6 9. Qc6 0-0 10. 0-0 Nb6 11. Nd2 Qd7 12. Qxd7 Nbxd7 13. f4 e5 14. dxe5 dxe5 15. f5 Bh6 16. Nde4 Rad8 17. Nxf6+ Nxf6 18. e4 Bxc1 19. Raxc1 Kg7 20. Rcd1 Rxd1 21. Rxd1 c6 22. h3 Rb8 23. b3 Rb4 24. Re1 Rd4 25. Re2 c5 26. g4 h6 27. Kf2 g5 28. Ke3 a5 29. Kf3 c4 30. Ke3 Kh7 31. Rd2 Rxd2 32. Kxd2 cxb3 33. cxb3 Kg7 34. Kd3 Kf8 35. a3 Ke7 36. b4 axb4 37. axb4 Kd6 38. Kc4 Nd7 39. Kb5 Nb8 40. Nd5 Nc6 41. Kb6 Nb8 42. b5 Nd7+ 43. Ka7 Nc5 44. Nf6 Ke7 45. Ng8+ Kf8 46. Nf6 Ke7 47. Nd5+ Kd6 48. Nc3 Kc7 49. b6+ Kc8 50. Nd5 1-0